00876nam a2200241 a 450000100060000000300090000600500170001500800410003202000180007304000280009104100080011908200170012710000240014424501370016825000340030526000850033930000320042450000850045650400390054165000220058070000190060285200130062124738CO-ViMGA20230915232016.0141112s2004 ck r 000 u spa d a9788498352832 aCO-ViMGAbspacCO-ViMGA aspa04a616.07 S45f1 aSilbernagl, Stefan.10aFisiopatología : btextos y atlas / cStefan Silbernagl, Florian Lang ; traducción efectuada por Liliana Anzando y Ariana Raina. a3a. ed. revisada y ampliada. aMadrid ; Buenos Aires : bEditorial Médica PanAméricana : bThieme, c2009. axii, 427 p. : il. ; 19 cm. aCon 192 láminas en color realizadas por Rèudiger Gay y Astrid Rothenburgues. aIncluye bibliografía e índice.14aFisiopatología.1 aLang, Florian. 17.648.30